| LEADER | 01155nam a22002177i 4500 | ||
|---|---|---|---|
| 005 | 20220228104328.0 | ||
| 008 | 160822b1994 gr ab||f |||| 00| 0 gre d | ||
| 952 | |0 0 |1 0 |2 ddc |4 0 |6 330_000000000000000_ΠΑΝ |7 0 |9 204559 |a LISP |b LISP |c DON |d 2016-08-22 |e ΒΑΛ |i 130469 |l 0 |o 330 ΠΑΝ |p 025000248436 |r 2016-08-22 00:00:00 |t 1 |v 2016.00 |w 2016-08-22 |y BK15 | ||
| 999 | |c 124519 |d 124519 | ||
| 020 | |a 9600505667 | ||
| 040 | |a GR-PaULI |b gre |c GR-PaULI |e AACR2 | ||
| 082 | |2 23 |a 330 | ||
| 100 | 1 | |9 155711 |a Πανάγος Χρήστος Θ., |d 1906- |e συγγραφέας | |
| 245 | 1 | 3 | |a Το ημερολόγιο ενός πειραιώτη μεγαλοεπιχειρηματία του 5ου π.Χ. αιώνα / |c Χρήστου Θ. Πανάγου ; εικονογράφηση Έλλης Σολομωνίδου Μπαλάνου. |
| 260 | |a [Αθήνα] : |b Εστία, |c 1994. | ||
| 300 | |a 65, [1] σ. : |b εικ., 1 χάρτης. ; |c 24 εκ. | ||
| 504 | |a Βιβλιογραφία: σ. 64. | ||
| 650 | 4 | |9 547 |a Οικονομία | |
| 700 | 1 | |9 81324 |a Σολομωνίδου - Μπαλάνου, Έλλη, |e εικονογράφος | |
| 942 | |2 ddc |c BK15 | ||
| 998 | |c ΛΟΤΣΑΡΗ |d 2016-08 | ||